Movies Quiz

Random Movies Quiz

Fellowship of the Ring Quiz Stats

 Plays Quiz not verified by Sporcle

Challenge
Share
Tweet
Score 0/9 Timer 01:00
0 Plays Today
% Correct
Frodo
96.2%
Sam
94%
Aragorn
89.5%
Pippin
88%
Gimli
87.2%
Legolas
86.5%
Merry
85.7%
Boromir
81.2%
Dumbledore
18%

You're not logged in!

Compare scores with friends on all Sporcle quizzes.
OR
Log In

You Might Also Like...

Show Comments

Extras

Created Dec 12, 2009ReportNominate
Tags:fellowship, ring

Top Quizzes Today


Score Distribution

Your Account Isn't Verified!

In order to create a playlist on Sporcle, you need to verify the email address you used during registration. Go to your Sporcle Settings to finish the process.

Report this User

Report this user for behavior that violates our Community Guidelines.

Details: